000 00365nam a2200157Ia 4500
003 Ost
005 20260225132540.0
008 260225s9999||||xx |||||||||||||| ||und||
040 _cfsic
041 _afre
082 _a327
100 _aPascal boniface
_eAuteur
245 0 _aAtlas des relations internationales /
245 0 _cPascal boniface
942 _cكتاب
999 _c33486
_d33486